| 000 | 00621nam a2200193Ia 4500 | ||
|---|---|---|---|
| 003 | GCL | ||
| 008 | 140319s9999 xx 000 0 ara d | ||
| 040 |
_aGCL / _cGCL |
||
| 082 | 0 | 4 |
_a370.118 _bج ا |
| 100 | 1 | _aجامعة الكويت | |
| 245 | 1 | 0 |
_aالاسبوع العلمى التثقيفى - جامعة الكويت / _cجامعة الكويت |
| 260 |
_aالكويت : _bجامعة الكويت |
||
| 300 |
_a315ص ؛ _c24 سم |
||
| 650 | 0 | 4 | _aالتعليم |
| 650 | 0 | 4 | _aالندوات |
| 650 | 0 | 4 | _aالتعليم - اغراضه واهدافه |
| 650 | 0 | 4 | _aالتعليم - ندوات |
| 942 |
_2ddc _cBK |
||
| 999 |
_c32900 _d32900 |
||